[Event "Wch U20 Rapid"]
[Site "Pula"]
[Date "2023.10.11"]
[Round "4"]
[White "Meloni, Matteo"]
[Black "Sabiu, Sebastiano Augusto"]
[Result "1-0"]
[WhiteElo "1307"]
[BlackElo "1011"]
[PlyCount "83"]
[EventDate "2023.10.10"]
[EventType "swiss (rapid)"]
[EventRounds "11"]
[EventCountry "ITA"]
[SourceTitle "Mega2024 Update 01"]
[Source "Chessbase"]
[SourceDate "2023.11.12"]
[SourceVersion "1"]
[SourceVersionDate "2023.11.12"]
[SourceQuality "1"]

1. e4 Nc6 2. Nf3 e5 3. Bc4 Nf6 4. d3 d6 5. 0-0 Ne7 6. Re1 Ng6 7. Nc3 d5 8. exd5 Bc5 9. Nxe5 0-0 10. Nxg6 Bg4 11. Ne2 Bxe2 12. Rxe2 fxg6 13. d6+ Kh8 14. dxc7 Qxc7 15. Be3 Ng4 16. g3 Bxe3 17. fxe3 Rf3 18. Rg2 Nxe3 19. Qxf3 Nxc4 20. dxc4 Qxc4 21. Qxb7 Rg8 22. Qxa7 Qd5 23. c3 Ra8 24. Qd4 Qxd4+ 25. cxd4 Rd8 26. Re2 h6 27. Re4 Kh7 28. a4 Ra8 29. a5 h5 30. b4 Rb8 31. d5 Kh6 32. a6 g5 33. a7 Ra8 34. b5 g6 35. b6 Rd8 36. b7 Rxd5 37. b8Q g4 38. Qf4+ g5 39. Qf6+ Kh7 40. Re7+ Kg8 41. a8Q+ Rd8 42. Qxd8# 1-0

[Event "Wch U20 Rapid"]
[Site "Pula"]
[Date "2023.10.10"]
[Round "2"]
[White "Meloni, Matteo"]
[Black "Sunder, Matteo"]
[Result "0-1"]
[WhiteElo "1307"]
[BlackElo "2002"]
[PlyCount "110"]
[EventDate "2023.10.10"]
[EventType "swiss (rapid)"]
[EventRounds "11"]
[EventCountry "ITA"]
[SourceTitle "Mega2024 Update 01"]
[Source "Chessbase"]
[SourceDate "2023.11.12"]
[SourceVersion "1"]
[SourceVersionDate "2023.11.12"]
[SourceQuality "1"]

1. e4 c5 2. Nf3 d6 3. d4 cxd4 4. Nxd4 Nf6 5. Nc3 a6 6. Bg5 e6 7. f4 Be7 8. e5 dxe5 9. fxe5 Nfd7 10. Bxe7 Qxe7 11. Qg4 0-0 12. Nf3 Nc6 13. Qg3 Qc5 14. Ne4 Qe3+ 15. Kd1 Qxe4 16. Bd3 Qd5 17. Qh4 h6 18. Kc1 Ndxe5 19. Be4 Nxf3 20. gxf3 Qg5+ 21. Qxg5 hxg5 22. h4 gxh4 23. Rxh4 f5 24. Bxc6 bxc6 25. Kd2 Rd8+ 26. Ke3 c5 27. Rah1 Bb7 28. b4 Rac8 29. Rh8+ Kf7 30. Rxd8 Rxd8 31. bxc5 Rd5 32. Rb1 Bc6 33. Rb6 Rxc5 34. Rxa6 Rxc2 35. Ra7+ Kf6 36. a4 Rc3+ 37. Kd2 Rxf3 38. a5 g5 39. Ra6 Bd5 40. Rd6 Ra3 41. a6 Bc4 42. Kc2 Rxa6 43. Rd1 g4 44. Kc3 Bd5 45. Rf1 g3 46. Kd2 Ra2+ 47. Ke3 Ke5 48. Re1 Ra3+ 49. Kd2+ Kd4 50. Ke2 Re3+ 51. Kf1 g2+ 52. Kf2 Rxe1 53. Kxe1 g1Q+ 54. Ke2 Qe3+ 55. Kd1 Bb3# 0-1